LEADER 01883nam 22004933 450 001 9911028752203321 005 20250930085251.0 010 $a3-031-89270-4 035 $a(MiAaPQ)EBC32320837 035 $a(Au-PeEL)EBL32320837 035 $a(CKB)41018808100041 035 $a(OCoLC)1545002293 035 $a(EXLCZ)9941018808100041 100 $a20250930d2025 uy 0 101 0 $aeng 135 $aurcnu|||||||| 181 $ctxt$2rdacontent 182 $cc$2rdamedia 183 $acr$2rdacarrier 200 10$aExosomes and Extracellular Vesicles $eAnalytical Challenges and Biological Implications 205 $a1st ed. 210 1$aCham :$cSpringer,$d2025. 210 4$dİ2025. 215 $a1 online resource (439 pages) 225 1 $aChemistry and Materials Science Series 311 08$a3-031-89269-0 330 $aThis book introduces a comprehensive overview of exosomes in biology for their roles in cell signalling.This edited collection of works by leading extracellular vesicle (EV) scientists and medical professionals introduces readers to various aspects of the rapidly expanding field of exosomes and extracellular vesicles. 410 0$aChemistry and Materials Science Series 606 $aSCIENCE / Life Sciences / Biochemistry$2bisacsh 606 $aSCIENCE / Life Sciences / Cell Biology$2bisacsh 606 $aSCIENCE / Spectroscopy & Spectrum Analysis$2bisacsh 615 7$aSCIENCE / Life Sciences / Biochemistry 615 7$aSCIENCE / Life Sciences / Cell Biology 615 7$aSCIENCE / Spectroscopy & Spectrum Analysis 676 $a611.0182 700 $aMarcus$b R. Kenneth$01839753 701 $aLubman$b David$01849168 801 0$bMiAaPQ 801 1$bMiAaPQ 801 2$bMiAaPQ 906 $aBOOK 912 $a9911028752203321 996 $aExosomes and Extracellular Vesicles$94438213 997 $aUNINA